| 000 | 01047nam a22002537a 4500 | ||
|---|---|---|---|
| 999 |
_c63658 _d63658 |
||
| 005 | 20240530110652.0 | ||
| 008 | 171214s2016 ua ah g b 000 0 ara d | ||
| 017 |
_a2015/22071 _bمصر. دار الكتب |
||
| 020 | _a9777800259 | ||
| 040 |
_aEG-CaGPL _cEG-CaGPL |
||
| 082 | 0 | 4 |
_221 _a155.92 / _bأ أ |
| 100 | 0 | _aامل اسماعيل عبدالرازق | |
| 245 | 1 | 2 |
_aالاطفال وسينما الرعب : _bدراسة تطبيقية بعلم الاعلام السيكولوجى والسوسيولوجى للطفل / _cتاليف امل اسماعيل عبدالرازق |
| 250 | _aط.1 | ||
| 260 |
_aالقاهرة : _bعالم الكتب ، _c2016. |
||
| 300 |
_a272 ص. : _bايض ؛ _c24 سم. |
||
| 504 | _aيشتمل على ارجاعات ببليوجرافية | ||
| 650 | 0 | 7 |
_2qrmak _aالاطفال _xعلم النفس |
| 650 | 0 | 7 |
_2qrmak _aعلم النفس التربوى |
| 650 | 0 | 7 |
_2qrmak _aالاطفال _xرعاية ذهنية |
| 651 | _2qrmak | ||
| 942 |
_2ddc _cBK |
||